000 00638nam a22002297a 4500
003 IT-MiCISF
005 20230830102900.0
008 230131b |||||||| |||| 00| 0 eng d
022 _a1121-2845
040 _cIT-MiCISF
041 _ait
100 _aDiomede Raffaele
_959293
245 _aLa vittima virtuale nei percorsi di legalità a favore dei minori autori di reato
250 _a"Minorigiustizia", n. 3
260 _c2021
300 _app. 127-140
310 _atrimestrale
500 _adevianza-minorile, educazione, progetto, esperienze
650 _aeducazione
_956062
654 _aarticolo
942 _2ddc
_cCR
999 _c359571
_d359571